Từng bước học lập trình Visual C#.net

Gorde:
Xehetasun bibliografikoak
Formatua: Liburua
Hizkuntza:Vietnamese
Argitaratua: Lao Động Xã hội 2002
Gaiak:
Etiketak: Etiketa erantsi
Etiketarik gabe, Izan zaitez lehena erregistro honi etiketa jartzen!
Thư viện lưu trữ: Mạng thư viện Đại học Đà Nẵng
LEADER 01058nam a2200301 a 4500
001 000002129
003 02351
005 20171229145311.0
008 171229s2002 vie
040 |a LSK 
041 0 |a VIE 
082 0 |a 005.13  |b NG-B 
245 0 0 |a Từng bước học lập trình Visual C#.net  |c Nguyễn Thiên Bằng, Phạm Ngọc Thạch; Trần Tiền Dũng hiệu đính 
260 |b Lao Động Xã hội  |c 2002 
300 |a 616 pages  |c 24 cm. 
653 |a Visual C# (Ngôn ngữ lập trình máy tính) 
852 |a Phòng Đọc - Phòng Mượn 
901 |a 4 
927 |a Sách tham khảo 
OWN |a LSK 
AVA |a UDN50  |b LSK  |d 005.13 NG-B  |e available  |t Error 5001 Not defined in file expand_doc_bib_avail.  |f 5  |g 0  |h N  |i 1 
999 |a From the UDN01 
AVA |a UDN50  |b LSK  |d 005.13 NG-B  |e available  |t Error 5001 Not defined in file expand_doc_bib_avail.  |f 5  |g 0  |h N  |i 1 
TYP |a Monograph 
TYP |a Printed language 
980 |a Mạng thư viện Đại học Đà Nẵng